Gaming Quiz

Random Gaming or Border Quiz

Risk Territories with 6 Borders Quiz Stats

 Plays Quiz Updated Apr 3, 2020

Support Sporcle.
Go Orange.
Score 0/7 Timer 02:00
0 Plays Today
Territory % Correct
China
80.7%
Ukraine
76.8%
Middle East
52.7%
Southern Europe
52.4%
North Africa
46.2%
Ontario
35%
East Africa
28.9%

You're not logged in!

Compare scores with friends on all Sporcle quizzes.
OR
Log In

From the Vault

More Actors in Book Titles?

by JoeBeta

"What was your favorite role?"
"That time I was literally words on a cover."
Remove Ads.
Support Sporcle.
Get the best of Sporcle when you Go Orange. This ad-free experience offers more features, more stats, and more fun while also helping to support Sporcle. Thank you for becoming a member.

Show Comments

Extras

Top Quizzes Today


Score Distribution

Your Account Isn't Verified!

In order to create a playlist on Sporcle, you need to verify the email address you used during registration. Go to your Sporcle Settings to finish the process.

Report this User

Report this user for behavior that violates our Community Guidelines.

Details: